[Event "FRA-chT Top 12 (Women) GpB"]
[Site "Vandoeuvre"]
[Date "2019.05.05"]
[Round "5.1"]
[White "Javakhishvili, Lela"]
[Black "Gospodaru, Teodora"]
[Result "0-1"]
[WhiteElo "2459"]
[BlackElo "1808"]
[PlyCount "45"]
[EventDate "2019.05.02"]
[EventType "team-tourn"]
[EventRounds "5"]
[EventCountry "FRA"]
[SourceTitle "CBM 190 Extra"]
[Source "ChessBase"]
[SourceDate "2019.07.15"]
[SourceVersion "1"]
[SourceVersionDate "2019.07.15"]
[SourceQuality "1"]
[WhiteTeam "Bischwiller (W)"]
[BlackTeam "Nancy (W)"]
[WhiteTeamCountry "FRA"]
[BlackTeamCountry "FRA"]

1. d4 Nf6 2. c4 e6 3. Nf3 Bb4+ 4. Nbd2 b6 5. a3 Bxd2+ 6. Bxd2 Bb7 7. Bg5 d6 8. e3 Nbd7 9. Be2 h6 10. Bh4 g5 11. Bg3 h5 12. h3 Rg8 13. Qa4 Ne4 14. Nd2 Nxd2 15. Kxd2 h4 16. Bh2 Qf6 17. f3 Ke7 18. Rad1 Qg7 19. Kc1 a6 20. Qc2 Rgc8 21. Kb1 Rab8 22. Rhg1 Qh6 23. g4 0-1

[Event "FRA-chT Top 12 (Women) GpB"]
[Site "Vandoeuvre"]
[Date "2019.05.03"]
[Round "3.2"]
[White "Gospodaru, Teodora"]
[Black "Haussernot, Cecile"]
[Result "0-1"]
[WhiteElo "1808"]
[BlackElo "2097"]
[PlyCount "84"]
[EventDate "2019.05.02"]
[EventType "team-tourn"]
[EventRounds "5"]
[EventCountry "FRA"]
[SourceTitle "CBM 190 Extra"]
[Source "ChessBase"]
[SourceDate "2019.07.15"]
[SourceVersion "1"]
[SourceVersionDate "2019.07.15"]
[SourceQuality "1"]
[WhiteTeam "Nancy (W)"]
[BlackTeam "Mulhouse Philidor (W)"]
[WhiteTeamCountry "FRA"]
[BlackTeamCountry "FRA"]

1. d4 d5 2. Nf3 Nf6 3. c4 c6 4. Nbd2 Bf5 5. Nh4 Bg6 6. Qb3 Qb6 7. Qxb6 axb6 8. Nxg6 hxg6 9. g3 e6 10. Bg2 Bb4 11. cxd5 exd5 12. 0-0 Nbd7 13. a3 Bd6 14. Nf3 b5 15. Bf4 Bxf4 16. gxf4 Nb6 17. b3 Ne4 18. Rfd1 Ke7 19. Ne5 Ra7 20. Nd3 Rha8 21. Bxe4 dxe4 22. Nc5 f5 23. f3 e3 24. a4 bxa4 25. bxa4 Nd5 26. Nd3 Rxa4 27. Rab1 R8a7 28. Rb2 Rxd4 29. Rdb1 b6 30. Ne5 Rc7 31. Nxg6+ Kf6 32. Nh4 Rxf4 33. Ng2 Rd4 34. Rc1 c5 35. Rb3 c4 36. Ra3 c3 37. Ne1 Rd2 38. Kf1 b5 39. Ra6+ Kg5 40. Ra5 b4 41. Nd3 Rxd3 42. exd3 Nf4 0-1

[Event "FRA-ch U16 Girls"]
[Site "Hyeres"]
[Date "2019.04.15"]
[Round "3"]
[White "Gospodaru, Teodora"]
[Black "Rozec, Mialy"]
[Result "1/2-1/2"]
[WhiteElo "1888"]
[BlackElo "1683"]
[PlyCount "115"]
[EventDate "2019.04.14"]
[EventType "swiss"]
[EventRounds "9"]
[EventCountry "FRA"]
[SourceTitle "CBM 190 Extra"]
[Source "ChessBase"]
[SourceDate "2019.07.15"]
[SourceVersion "1"]
[SourceVersionDate "2019.07.15"]
[SourceQuality "1"]

1. d4 d5 2. Nf3 Nf6 3. c4 dxc4 4. e3 a6 5. a4 e6 6. Bxc4 c5 7. Nc3 Be7 8. 0-0 0-0 9. Qe2 Nc6 10. Rd1 Qc7 11. Bb3 Rd8 12. Bc2 h6 13. Qc4 Nb4 14. Bb1 Bd7 15. a5 Rac8 16. Qe2 Nc6 17. Bd2 cxd4 18. exd4 Be8 19. Be1 Nxa5 20. Ne4 Nc6 21. Nxf6+ Bxf6 22. Qe4 Qb6 23. Bc3 Nxd4 24. Bxd4 Bxd4 25. Nxd4 Rxd4 26. Qxd4 Qxd4 27. Bh7+ Kxh7 28. Rxd4 Rc2 29. Rb4 Bc6 30. h3 g5 31. Re1 Kg6 32. Re3 Kf6 33. Rbb3 Ke7 34. Rec3 Rxc3 35. Rxc3 f5 36. g3 e5 37. Re3 Ke6 38. f4 e4 39. Kf2 a5 40. Rc3 Kd5 41. Ke3 b5 42. Rc1 a4 43. Ra1 Kd6 44. Kd4 Bd5 45. Rc1 Bc4 46. h4 g4 47. Rc3 h5 48. Rc1 Ke6 49. Re1 Kd6 50. Re3 Bd3 51. Re1 Bc4 52. Rc1 Ke6 53. Rc2 Kd6 54. Rc3 Ke6 55. Kc5 Kd7 56. Re3 Ke6 57. Re1 Bd3 58. Re3 1/2-1/2

[Event "EU-ch U14 Girls 27th"]
[Site "Mamaia"]
[Date "2017.09.09"]
[Round "5"]
[White "Gospodaru, Teodora"]
[Black "Bitkova, Jelizaveta"]
[Result "1-0"]
[WhiteElo "1881"]
[BlackElo "1512"]
[PlyCount "137"]
[EventDate "2017.09.05"]
[EventType "swiss"]
[EventRounds "9"]
[EventCountry "ROU"]
[SourceTitle "EXT 2018"]
[Source "ChessBase"]
[SourceDate "2017.10.13"]
[SourceVersion "1"]
[SourceVersionDate "2017.10.13"]
[SourceQuality "1"]

1. d4 Nf6 2. c4 d5 3. Nf3 e6 4. Nc3 c5 5. cxd5 exd5 6. dxc5 Bxc5 7. Qc2 0-0 8. Bg5 Be6 9. e3 Nbd7 10. Bb5 Qa5 11. 0-0 h6 12. Bxf6 Nxf6 13. a3 Qd8 14. Rfd1 Qe7 15. Rac1 Rac8 16. Bd3 Bb6 17. Qe2 Rfd8 18. h3 a6 19. Bb1 Rd6 20. Ba2 Rdd8 21. Rd2 Ne4 22. Rdd1 Nxc3 23. Rxc3 Qf6 24. Rcd3 d4 25. Bxe6 Qxe6 26. e4 f6 27. Nh4 Re8 28. Kf1 Qxe4 29. Qxe4 Rxe4 30. Nf5 Rd8 31. Rg3 Rd7 32. Nxh6+ Kf8 33. Ng4 f5 34. Nh2 Bc7 35. Rf3 Bxh2 36. Rxf5+ Ke7 37. g3 d3 38. Rd2 Ke6 39. Rf3 Red4 40. Kg2 Bxg3 41. fxg3 Rc7 42. Kf2 Rc2 43. Ke3 Rd6 44. Rff2 Rc1 45. Rxd3 Rxd3+ 46. Kxd3 Rg1 47. Rf3 Rg2 48. b3 Kd5 49. a4 Rb2 50. Kc3 Rg2 51. Kb4 b6 52. h4 Rg1 53. a5 b5 54. Rf5+ Ke6 55. Rg5 Kf6 56. Kc5 Re1 57. b4 Re6 58. Rd5 Ke7 59. Kd4 Rc6 60. Rc5 Rf6 61. Ke4 Rd6 62. g4 Kf6 63. g5+ Kg6 64. Ke5 Rd7 65. Rc6+ Kh5 66. Rxa6 Kxh4 67. g6 Kg5 68. Rb6 Ra7 69. Kd5 1-0

[Event "FRA-ch U14 Girls"]
[Site "Belfort"]
[Date "2017.04.19"]
[Round "5.3"]
[White "Gospodaru, Teodora"]
[Black "De Talance, Berenice"]
[Result "1/2-1/2"]
[WhiteElo "1827"]
[BlackElo "1757"]
[PlyCount "90"]
[EventDate "2017.04.16"]
[EventType "swiss"]
[EventRounds "9"]
[EventCountry "FRA"]
[SourceTitle "EXT 2019"]
[Source "ChessBase"]
[SourceDate "2018.10.10"]
[SourceVersion "1"]
[SourceVersionDate "2018.10.10"]
[SourceQuality "1"]

1. Nf3 c5 2. b3 d5 3. Bb2 Nf6 4. g3 Nc6 5. Bg2 e6 6. d4 Bd6 7. 0-0 0-0 8. c4 dxc4 9. dxc5 Bxc5 10. Qc2 Be7 11. Qxc4 Nd5 12. Rd1 Qb6 13. e4 Nf6 14. Nbd2 Bd7 15. Qe2 a5 16. Nc4 Qc7 17. Rac1 Rfd8 18. Nfe5 Be8 19. Nxc6 Rxd1+ 20. Rxd1 bxc6 21. Be5 Qa7 22. Bxf6 Bxf6 23. Nd6 Qc5 24. Qc4 Qb6 25. Rc1 Bd7 26. Qc5 Qxc5 27. Rxc5 Bd4 28. Rc2 e5 29. Kf1 c5 30. Nb7 a4 31. Nxc5 Rc8 32. b4 Bb5+ 33. Kg1 f6 34. Bh3 Rc7 35. Be6+ Kf8 36. Bf5 Kf7 37. Bg4 Ke7 38. Bf5 g6 39. Bh3 Kd6 40. Rd2 Ke7 41. Rc2 Kd6 42. Rd2 Ke7 43. Rc2 Kd6 44. Rd2 Ke7 45. Ne6 Rc6 1/2-1/2

[Event "FRA-ch U14 Girls"]
[Site "Belfort"]
[Date "2017.04.16"]
[Round "3.3"]
[White "Gospodaru, Teodora"]
[Black "Chemla, Anouk"]
[Result "1/2-1/2"]
[WhiteElo "1827"]
[BlackElo "1557"]
[PlyCount "95"]
[EventDate "2017.04.16"]
[EventType "swiss"]
[EventRounds "9"]
[EventCountry "FRA"]
[SourceTitle "EXT 2019"]
[Source "ChessBase"]
[SourceDate "2018.10.10"]
[SourceVersion "1"]
[SourceVersionDate "2018.10.10"]
[SourceQuality "1"]

1. d4 Nf6 2. c4 g6 3. f3 Bg7 4. e4 d6 5. Nc3 0-0 6. Be3 Nc6 7. Qd2 e5 8. d5 Ne7 9. Bd3 Nd7 10. g4 Nc5 11. Bc2 a5 12. Nge2 f5 13. gxf5 gxf5 14. Bh6 Ng6 15. 0-0-0 f4 16. Bxg7 Kxg7 17. Qe1 Qh4 18. h3 Qxe1 19. Rdxe1 Nh4 20. Ref1 Kf6 21. Nb5 Rf7 22. Rf2 Rg7 23. Rg1 Rxg1+ 24. Nxg1 Na6 25. Kd2 Bd7 26. Ke1 Rg8 27. Kf1 Rg3 28. a3 Bxh3+ 29. Nxh3 Rxh3 30. Ke2 h5 31. c5 Ke7 32. cxd6+ cxd6 33. Na7 Kd8 34. Bd3 Nc7 35. b4 axb4 36. axb4 Rh1 37. b5 Ra1 38. b6 Na8 39. Nb5 Kd7 40. Nc3 Rh1 41. Na4 Rg1 42. Bb5+ Kd8 43. Rh2 Rg2+ 44. Rxg2 Nxg2 45. Kf2 Nh4 46. Be2 Ng6 47. Kg1 Ne7 48. Bf1 1/2-1/2

[Event "EU-ch U10 Girls 23rd"]
[Site "Budva"]
[Date "2013.09.30"]
[Round "2"]
[White "Harazinska, Magdalena"]
[Black "Gospodaru, Teodora"]
[Result "1-0"]
[WhiteElo "1610"]
[BlackElo "1367"]
[PlyCount "57"]
[EventDate "2013.09.29"]
[EventType "swiss"]
[EventRounds "9"]
[EventCountry "MNE"]
[SourceTitle "EXT 2014"]
[Source "ChessBase"]
[SourceDate "2013.11.20"]
[SourceVersion "1"]
[SourceVersionDate "2013.11.20"]
[SourceQuality "1"]

1. d4 d5 2. c4 e5 3. dxe5 d4 4. a3 Nc6 5. Nf3 Nge7 6. e3 Bg4 7. Qa4 Bd7 8. Qb3 Ng6 9. exd4 Be7 10. Be3 f6 11. e6 Bxe6 12. d5 Na5 13. Qa4+ Qd7 14. Qxa5 Rd8 15. Be2 Bf5 16. Nd4 Be4 17. 0-0 h5 18. Ne6 Rc8 19. Nxg7+ Kf7 20. Ne6 Nh4 21. Nf4 Qf5 22. f3 Bxb1 23. Raxb1 Rcg8 24. g3 Bd6 25. Kf2 Bxf4 26. Bxf4 Ng6 27. Qxc7+ Kf8 28. Bd6+ Ke8 29. Bd1 1-0

[Event "FRA-chT U20 16 GP Haute 1213"]
[Site "France"]
[Date "2013.05.18"]
[Round "8"]
[White "Gospodaru, Teodora"]
[Black "Bassini, Emile"]
[Result "0-1"]
[WhiteElo "1300"]
[BlackElo "1476"]
[PlyCount "43"]
[EventDate "2012.12.01"]
[EventType "team"]
[EventRounds "11"]
[EventCountry "FRA"]
[SourceTitle "EXT 2014"]
[Source "ChessBase"]
[SourceDate "2013.11.20"]
[SourceVersion "1"]
[SourceVersionDate "2013.11.20"]
[SourceQuality "1"]
[WhiteTeam "Nancy (U20)"]
[BlackTeam "Bois Colombes (U20)"]
[WhiteTeamCountry "FRA"]
[BlackTeamCountry "FRA"]

1. e4 Nf6 2. Nc3 e5 3. f4 d5 4. fxe5 Nxe4 5. Nf3 Bc5 6. d4 Nxc3 7. bxc3 Be7 8. Bd3 c5 9. Bb2 c4 10. Be2 Bh4+ 11. Kf1 0-0 12. Ba3 Re8 13. Bd6 Nc6 14. Rb1 f6 15. Nxh4 fxe5 16. dxe5 Qxh4 17. Qxd5+ Be6 18. Qc5 Qe4 19. Rxb7 Nd4 20. Rxg7+ Kxg7 21. cxd4 Qxc2 22. Qc7+ 0-1

[Event "FRA-chT U20 GpA 1213"]
[Site "France"]
[Date "2013.01.06"]
[Round "7"]
[White "Gospodaru, Teodora"]
[Black "Lomandong, Marc Antoine"]
[Result "0-1"]
[WhiteElo "1300"]
[BlackElo "1603"]
[PlyCount "74"]
[EventDate "2012.12.01"]
[EventType "team"]
[EventRounds "7"]
[EventCountry "FRA"]
[SourceTitle "EXT 2014"]
[Source "ChessBase"]
[SourceDate "2013.11.20"]
[SourceVersion "1"]
[SourceVersionDate "2013.11.20"]
[SourceQuality "1"]
[WhiteTeam "Nancy (U20)"]
[BlackTeam "Monaco (U20)"]
[WhiteTeamCountry "FRA"]
[BlackTeamCountry "FRA"]

1. e4 e5 2. Nc3 Nf6 3. f4 exf4 4. e5 Ng8 5. Nf3 Nc6 6. d4 d6 7. Qe2 dxe5 8. dxe5 Bb4 9. Bxf4 Nd4 10. Rd1 Nxe2 11. Rxd8+ Kxd8 12. Bxe2 Be6 13. 0-0 Bxc3 14. bxc3 Ne7 15. Bg5 h6 16. Rd1+ Ke8 17. Be3 Nd5 18. Bd4 Rd8 19. g3 Bg4 20. Kg2 b6 21. Bb5+ Ke7 22. c4 Ne3+ 23. Bxe3 Bxf3+ 24. Kxf3 Rxd1 25. c5 Rhd8 26. cxb6 axb6 27. g4 R1d5 28. Bc6 Rxe5 29. h4 f5 30. g5 Rh8 31. g6 Rd8 32. Ba4 Re4 33. Bb3 Rxh4 34. Bf2 Rg4 35. Bf7 Ra4 36. Bg3 Ra3+ 37. Bb3 c5 0-1

[Event "FRA-chT U20 GpA 1213"]
[Site "France"]
[Date "2013.01.05"]
[Round "5"]
[White "Gospodaru, Teodora"]
[Black "Christien, Vincent"]
[Result "1-0"]
[WhiteElo "1300"]
[BlackElo "1424"]
[PlyCount "105"]
[EventDate "2012.12.01"]
[EventType "team"]
[EventRounds "7"]
[EventCountry "FRA"]
[SourceTitle "EXT 2014"]
[Source "ChessBase"]
[SourceDate "2013.11.20"]
[SourceVersion "1"]
[SourceVersionDate "2013.11.20"]
[SourceQuality "1"]
[WhiteTeam "Nancy (U20)"]
[BlackTeam "Cannes (U20)"]
[WhiteTeamCountry "FRA"]
[BlackTeamCountry "FRA"]

1. e4 c5 2. d4 cxd4 3. c3 Nf6 4. e5 Nd5 5. Qxd4 Nb6 6. Nf3 Nc6 7. Qe4 d5 8. exd6 Qxd6 9. Bf4 Qe6 10. Qxe6 Bxe6 11. Bd3 g6 12. 0-0 Bg7 13. Re1 0-0 14. Nbd2 Rad8 15. Be4 Bd5 16. Bc7 Rd7 17. Bxd5 Nxd5 18. Bg3 Re8 19. Rad1 e6 20. Ne4 Red8 21. Bh4 Nde7 22. Rxd7 Rxd7 23. Bf6 Nd5 24. Bg5 h6 25. Bh4 g5 26. Bg3 Rd8 27. Nc5 b6 28. Nb3 f6 29. Rxe6 Nce7 30. c4 g4 31. cxd5 gxf3 32. Rxe7 Rxd5 33. gxf3 a5 34. Rb7 f5 35. Rxb6 Bxb2 36. Nxa5 Bd4 37. Ra6 Bc3 38. Nb3 Rd7 39. Rxh6 Rg7 40. f4 Bb4 41. Kg2 Bf8 42. Rc6 Ra7 43. Rc2 Kf7 44. Bh4 Ke6 45. Nd4+ Kd5 46. Nxf5 Ke4 47. Ng3+ Kxf4 48. f3 Ke3 49. Rf2 Ba3 50. Bg5+ Kd4 51. h4 Ke5 52. f4+ Ke6 53. f5+ 1-0

[Event "FRA-chT U20 GpA 1213"]
[Site "France"]
[Date "2013.01.05"]
[Round "6"]
[White "Meric, Geoffrey"]
[Black "Gospodaru, Teodora"]
[Result "0-1"]
[WhiteElo "1290"]
[BlackElo "1300"]
[PlyCount "100"]
[EventDate "2012.12.01"]
[EventType "team"]
[EventRounds "7"]
[EventCountry "FRA"]
[SourceTitle "EXT 2014"]
[Source "ChessBase"]
[SourceDate "2013.11.20"]
[SourceVersion "1"]
[SourceVersionDate "2013.11.20"]
[SourceQuality "1"]
[WhiteTeam "Sainte Foy (U20)"]
[BlackTeam "Nancy (U20)"]
[WhiteTeamCountry "FRA"]
[BlackTeamCountry "FRA"]

1. e4 e5 2. Nf3 Nf6 3. Nxe5 d6 4. Nf3 Nxe4 5. d3 Nf6 6. Bg5 Be7 7. Be2 Bg4 8. 0-0 0-0 9. Re1 h6 10. Bh4 Nc6 11. c3 Re8 12. d4 d5 13. Nbd2 Qd7 14. h3 Bh5 15. Bd3 Nh7 16. Bxh7+ Kxh7 17. Bxe7 Bxf3 18. Nxf3 Rxe7 19. Rxe7 Qxe7 20. Qc2+ Qe4 21. Qb3 Rb8 22. Re1 Qf5 23. Re5 Nxe5 24. Nxe5 f6 25. Nf3 g5 26. Qa3 Re8 27. Kh2 Qf4+ 28. Kg1 h5 29. Qa4 Re7 30. Qb4 Rg7 31. Nh2 c6 32. Qb3 g4 33. Qc2+ Kh6 34. g3 gxh3 35. Kf1 Rxg3 36. Qe2 Qc1+ 37. Qe1 Rg1+ 38. Kxg1 Qxe1+ 39. Nf1 h2+ 40. Kxh2 Qxf2+ 41. Kh3 Qxf1+ 42. Kg3 Qg1+ 43. Kf3 h4 44. c4 h3 45. cxd5 cxd5 46. a4 h2 47. a5 h1Q+ 48. Ke2 Qh3 49. Kd2 Qgg2+ 50. Ke1 Qhh1# 0-1

[Event "FRA-chT U20 1112"]
[Site "France"]
[Date "2011.12.04"]
[Round "2"]
[White "Bellahcene, Meriem"]
[Black "Gospodaru, Teodora"]
[Result "1-0"]
[WhiteElo "1467"]
[BlackElo "1160"]
[PlyCount "77"]
[EventDate "2011.12.03"]
[EventType "team-swiss"]
[EventRounds "7"]
[EventCountry "FRA"]
[SourceTitle "EXT 2013"]
[Source "ChessBase"]
[SourceDate "2012.11.22"]
[SourceVersion "1"]
[SourceVersionDate "2012.11.22"]
[SourceQuality "1"]

1. e4 d5 2. exd5 Qxd5 3. Nc3 Qa5 4. Bc4 Nf6 5. d3 Bf5 6. Bd2 c6 7. Nf3 e6 8. Qe2 Bd6 9. Ne4 Qc7 10. Nxd6+ Qxd6 11. 0-0-0 0-0 12. h4 Qc7 13. Bc3 Nbd7 14. Nd4 Rae8 15. Nxf5 exf5 16. Qf3 Ne5 17. Qxf5 Nxc4 18. dxc4 Re6 19. g4 Rfe8 20. g5 Nh5 21. Qg4 Qf4+ 22. Qxf4 Nxf4 23. Kb1 Re2 24. f3 h6 25. gxh6 gxh6 26. Rhg1+ Rg2 27. Rxg2+ Nxg2 28. Rg1 Kf8 29. Rxg2 Rd8 30. b3 Rd1+ 31. Kb2 b6 32. Bg7+ Ke7 33. Bxh6 b5 34. cxb5 cxb5 35. Re2+ Kd7 36. Rd2+ Rxd2 37. Bxd2 b4 38. Bxb4 Ke6 39. c4 1-0